| 000 | 00492nam a22001337a 4500 | ||
|---|---|---|---|
| 008 | 160512b xxu||||| |||| 00| 0 eng d | ||
| 082 |
_22015 _aUT 0594 _bSa74 |
||
| 100 |
_98031 _aSarong, Regine Suzette T. |
||
| 245 |
_aSociolinguistic study of the function of swearing language in cyber-gaming conversation _cRegine Suzette T. Sarong. |
||
| 260 |
_aDigos City: _bUMDC _c2015-2016. |
||
| 300 |
_a38 pages; _c29 cm. |
||
| 650 | 0 |
_98030 _aLiberal Arts _vEnglish _xUndergraduate thesis. |
|
| 942 |
_2ddc _cUT |
||
| 999 |
_c2435 _d2435 |
||